000 00579nam a2200229Ia 4500
003 OSt
005 20221005123722.0
006 a|||||r|||| 00| 0
007 ta
008 221004b |||||||| |||| 00| 0 eng d
024 _a66406
037 _cTextual
040 _aCRL
_cCRL
_beng
041 _2eng
_aeng
082 _aV28151:21wLMA, F9
100 _aAbdul Ali A F M
_9634113
245 0 _aMahadji Sindhia of Gwalior
260 _c1929
650 _aHISTORY
942 _hV28151:21wLMA, F9
_cTEXL
_2cc
999 _c1048255
_d1048255